00518nam a2200157 a 450000100100000000500170001000800410002704000250006808200160009310000200010924500650012924600510019425000110024526000770025630000270033300002726620200930030718.0110330s1996 dr r 000 0 spa d aDO-SdBNPbspacBNPHU axxxxbM475d1 aMaza M., Manuel10a10 pasos hacia la participación politica /cManuel Maza M.10aDiez pasos hacia la participación política a3a ed. aSanto Domingo :bCentro de Estudios Sociales Pedro Juan Montalvo,c1996. a43 p. :bil. ;c22 cm.